История философии: учебное пособие для вузов

التفاصيل البيبلوغرافية
المؤلف الرئيسي: Орлов С. В. Сергей Владимирович
الملخص:В учебном пособии, охватывающем основные этапы развития мировой философии, кратко прослеживается развитие философских идей и концепций от античности до сегодняшнего дня. Особое внимание уделяется связи традиционных философских проблем с задачами современной науки и общественной жизни. Пособие, написанное в точном соответствии с Государственным образовательным стандартом по курсу философии (раздел — история философии), предназначено для студентов всех специальностей высших учебных заведений, преподавателей, а также для читателей, интересующихся историей мировой философской мысли.
اللغة:الروسية
منشور في: СПб., Питер, 2006
سلاسل:Краткий курс
الموضوعات:
التنسيق: MixedMaterials كتاب
KOHA link:https://koha.lib.tpu.ru/cgi-bin/koha/opac-detail.pl?biblionumber=106997

MARC

LEADER 00000nam0a2200000 4500
001 106997
005 20231101214714.0
010 |a 5469012808 
035 |a (RuTPU)RU\TPU\book\115536 
090 |a 106997 
100 |a 20061215d2006 m y0rusy50 ca 
101 0 |a rus 
102 |a RU 
105 |a y j 001zd 
200 1 |a История философии  |e учебное пособие для вузов  |f С. В. Орлов 
210 |a СПб.  |c Питер  |d 2006 
215 |a 192 с. 
225 1 |a Краткий курс 
320 |a Библиогр.: с. 186-189. 
330 |a В учебном пособии, охватывающем основные этапы развития мировой философии, кратко прослеживается развитие философских идей и концепций от античности до сегодняшнего дня. Особое внимание уделяется связи традиционных философских проблем с задачами современной науки и общественной жизни. Пособие, написанное в точном соответствии с Государственным образовательным стандартом по курсу философии (раздел — история философии), предназначено для студентов всех специальностей высших учебных заведений, преподавателей, а также для читателей, интересующихся историей мировой философской мысли. 
600 0 |a Гераклит Эфесский  |c древнегреческий философ  |c политический и религиозно-этический мыслитель  |f конец 6-начало 5 вв. до н.э.  |2 stltpush  |3 (RuTPU)RU\TPU\pers\972  |9 429 
600 0 |a Демокрит  |c древнегреческий философ  |f около 470/460 г. до н.э.-?  |2 stltpush  |3 (RuTPU)RU\TPU\pers\143 
600 0 |a Эпикур  |c древнегреческий философ  |f 341-270 гг. до н.э.  |2 stltpush  |3 (RuTPU)RU\TPU\pers\532 
600 0 |a Сократ  |c древнегреческий философ  |f около 470-399 гг. до н.э.  |2 stltpush  |3 (RuTPU)RU\TPU\pers\432 
600 0 |a Аристотель  |c древнегреческий философ и учёный-энциклопедист из Стагиры  |f 384-322 гг. до н.э.  |2 stltpush  |3 (RuTPU)RU\TPU\pers\24 
600 1 |a Шопенгауэр  |b А.  |c немецкий философ  |f 1788-1860  |g Артур  |2 stltpush  |3 (RuTPU)RU\TPU\pers\470  |9 227 
600 1 |a Ницше  |b Ф.  |c немецкий философ  |f 1844-1900  |g Фридрих  |2 stltpush  |3 (RuTPU)RU\TPU\pers\341  |9 167 
600 1 |a Кьеркегор (Киркегор)  |g Серен  |b С.  |c датский философ  |c богослов  |f 1813-1855  |c писатель  |2 stltpush  |3 (RuTPU)RU\TPU\pers\251 
600 1 |a Бердяев  |b Н. А.  |c российский религиозный философ  |f 1874-1948  |g Николай Александрович  |2 stltpush  |3 (RuTPU)RU\TPU\pers\1153  |9 523 
600 1 |a Шопенгауэр  |b А.  |c немецкий философ  |f 1788-1860  |g Артур  |2 stltpush  |3 (RuTPU)RU\TPU\pers\470  |9 227 
606 1 |a Философия  |x История  |2 stltpush  |3 (RuTPU)RU\TPU\subj\63881  |9 80813 
610 1 |a история 
610 1 |a античная философия 
610 1 |a средневековая философия 
610 1 |a Возрождение 
610 1 |a европейская философия 
610 1 |a 17 век 
610 1 |a 18 век 
610 1 |a 19 век 
610 1 |a классическая немецкая философия 
610 1 |a 19 век 
610 1 |a 20 век 
610 1 |a рационализм 
610 1 |a иррационализм 
610 1 |a позитивизм 
610 1 |a неопозитивизм 
610 1 |a прагматизм 
610 1 |a марксизм 
610 1 |a фрейдизм 
610 1 |a неофрейдизм 
610 1 |a экзистенциализм 
610 1 |a герменевтика 
610 1 |a русская философия 
610 1 |a учебные пособия 
686 |a Ю3я73  |v LBC/SL-A  |2 rubbk 
700 1 |a Орлов  |b С. В.  |g Сергей Владимирович 
801 1 |a RU  |b 63413507  |c 20061215  |g PSBO 
801 2 |a RU  |b 63413507  |c 20170113  |g PSBO 
942 |c BK 
959 |a 112/20061215  |d 1  |e 72,00  |f ЧЗГЛ:1